000 00580nam a22001817a 4500
999 _c185375
_d185375
005 20220202124615.0
010 _aENG-131165
020 _a9789389624489
_c250.00
035 _aEN-114697
037 _bDBAD
082 _aN
100 _aShenoy, Sharmishtha
245 _aMurder:
_bIn The Chowdhury Palace/
_cSharmishtha Shenoy
260 _aMaharashtra
_bVihwakarma Publications
_c2020
270 _a34A/1, Suyog Center, 7th Floor, Gultekadi Marketyard Road, Giridhar Bhavan Chowk
_bPune
_e411037
_minfo@vpindia.co.in
300 _a191p.
_c22cm(pbk)
942 _2ddc
_cEN
_hN
_mSHE